Portuguese Days of the Week Vocabulary - Statistics

General Stats
  • This quiz has been taken 479 times
  • The average score is 6 of 7
Answer Stats
Hint Answer % Correct
sunday domingo
98%
saturday sábado
95%
monday segunda-feira
90%
friday sexta-feira
88%
thursday quinta-feira
85%
tuesday terça-feira
85%
wednesday quarta-feira
83%
No matching quizzes found
Score Distribution
Percent of People with Each Score
Percentile by Number Answered
Your Score History
You have not taken this quiz